Statistiken für Weltranglistenerste Fußballnationalmannschaften

Klicken Sie hier um das Quiz zu spielen!

Allgemein

  • Dieses Quiz wurde 430 mal gespielt
  • Das Durchschnittsergebnis liegt bei 8 aus 8

Antwortstatistiken

DatumMannschaft% Korrekt
31. Dezember 1992Deutschland
100%
23. September 1993Brasilien
99%
16. Mai 2001Frankreich
98%
2. Juli 2008Spanien
98%
14. März 2007Argentinien
97%
5. November 2015Belgien
91%
19. November 1993Italien
91%
24. August 2011Niederlande
82%

Verteilung der Resultate

Perzentil nach korrekt beantworteten Fragen

Anzahl Personen mit jedem Resultat

Ihre Resultats-Entwicklung

Sie haben dieses Quiz noch nicht gespielt